• 首页
  • 本馆介绍
  • 公告通知
  • 最新文献
  • 馆藏检索
  • 电子资源
  • 读者导购
  • 参考咨询
  • 我的图书馆
  • 登录
  • 详细信息显示
  • 放入我的书架
  • 预约/预借图书
  • 作者相关作品
  • 分类相关作品
  • 丛书相关作品
  • 出版社相关作品

书目信息

  • 表格格式
  • 工作单格式
  • 卡片格式
题名:
少林红拳
    
 
作者: 王西乾 整理
分册:  
出版信息: 北京   人民体育出版社  1984
页数: 90页
开本: 19cm
丛书名:
单 册:
中图分类: G852.1
科图分类:
主题词: 少林拳 , 武术 , 民族形式体育
电子资源:
ISBN:
000 00661nam0 2200265 45
001 0184003388
005 20040506135523.3
010    @dCNY0.34
091    @a7015.2188
100    @a19950705d1984 em y0chiy0121 ea
101 0  @achi
102    @aCN@b110000
105    @aa z 000yy
106    @ar
200 10 @a少林红拳@Ashao lin hong quan@f王西乾整理
210    @a北京@c人民体育出版社@d1984
215    @a90页@c插图@d19cm
606    @a少林拳
606 0  @a武术
606 0  @a民族形式体育
690    @aG852.1
701  0 @a王西乾@Awang xi qian@4整理
801  0 @aCN@b上海图书馆@c20040506
801  2 @aCN@bNLC@c20040506
905    @f1@b133622@dG852.1@e16
    
    少林红拳/王西乾整理.-北京:人民体育出版社,1984
    90页:插图;19cm
    
    
    ISBN :CNY0.34
    
●
相关链接 在E读中查询图书 在五车中查询图书 在当当中查询图书 在豆瓣中查询图书


正题名:少林红拳     索取号:G852.1/16         预约/预借

序号 登录号 条形码 馆藏地/架位号 状态 备注
1 0133622   000992812   第四借阅区/ [索取号:G852.1/16] 在馆    
2 0133623   000992830   第一样本阅览室/ [索取号:G852.1/16] 在馆    
欢迎您!
大连网信软件有限公司© 版权所有